00562nam a2200193 a 4500001001300000003000900013005001700022008004100039020001000080082001700090245008000107260004300187300000900230500003500239505001400274650003000288650002300318710002700341nice12345678IN_TiNIC20260116012110.0050524s1958 hyda grp 000 0 eng  ac10000a954.031bCRO aDiplomatic Correspondence Between Mir Nizal Ali Khan & E India Company 1989 aHyderabadbCentral Record Officec1958 a111p aincludes index and biblioraphy2 a1780-1798 aNizams-East India Company aEast India Company2 aCentral Records Office